ბათუმის შოთა რუსთაველის სახელმწიფო უნივერსიტეტის ბიბლიოთეკა

The Economist.№9104.2018. (ბიბ.ჩანაწერი № 56286)

000 -LEADER
fixed length control field 00345nam a2200145Ia 4500
001 - CONTROL NUMBER
control field 23399
003 - CONTROL NUMBER IDENTIFIER
control field GE_BSU
008 - FIXED-LENGTH DATA ELEMENTS--GENERAL INFORMATION
fixed length control field 181216s||||||||xx |||||||||||||| ||und||
040 ## - CATALOGING SOURCE
Transcribing agency GE_BSU
245 #4 - TITLE STATEMENT
Title The Economist.№9104.2018.
245 ## - TITLE STATEMENT
Remainder of title 19TH-25TH
653 ## - INDEX TERM--UNCONTROLLED
Uncontrolled term The Economist №9104.2018.
653 ## - INDEX TERM--UNCONTROLLED
Uncontrolled term პერიოდიკა
942 ## - ADDED ENTRY ELEMENTS (KOHA)
Koha item type პერიოდიკა
ეგზემპლარები
Withdrawn status Lost status Damaged status Not for loan Date acquired Barcode Date last seen Price effective from Koha item type Public note
        2018-12-17 p79612 2018-12-17 2018-12-17 პერიოდიკა პერიოდიკა